书目信息 |
| 题名: |
白鹿洞书院艺文新志
|
|
| 作者: | 李宁宁 , 高峰 主编 | |
| 分册: | ||
| 出版信息: | 南昌 江西人民出版社 2008.04 |
|
| 页数: | 307页 | |
| 开本: | 21cm | |
| 丛书名: | 庐山文化研究丛书 | |
| 单 册: | ||
| 中图分类: | Z812.256 | |
| 科图分类: | ||
| 主题词: | 书院--shu yuan--艺文志--江西省 | |
| 电子资源: | ||
| ISBN: | 978-7-210-03820-7 | |
| 000 | 01089nam 2200277 450 | |
| 001 | 012009423612 | |
| 005 | 20090430141819.73 | |
| 010 | @a978-7-210-03820-7@dCNY22.00 | |
| 100 | @a20090430d2008 em y0chi0120 ea | |
| 101 | 0 | @achi |
| 102 | @aCN@b360000 | |
| 105 | @aa z 000yy | |
| 106 | @ar | |
| 200 | 1 | @a白鹿洞书院艺文新志@Abai lu dong shu yuan yi wen xin zhi@f李宁宁, 高峰主编@Fli ning ning,gao feng zhu bian |
| 210 | @a南昌@c江西人民出版社@d2008.04 | |
| 215 | @a307页@c图@d21cm | |
| 225 | 2 | @a庐山文化研究丛书@Alu shan wen hua yan jiu cong shu |
| 300 | @a2007年江西省社会科学规划项目 | |
| 330 | @a本书综合考虑白鹿洞书院的文化现象,按照内容、结合文体将文章分成书院兴复、院内建筑、学田膏火、洞规教条、洞主掌教、游记序赋六个门类,这种分类便于阅读清晰地了解其文化内涵,并可以涵盖宋、元、明、清四个朝代90%以上的文章。 | |
| 410 | 0 | @12001 @a庐山文化研究丛书 |
| 606 | 0 | @a书院@Ashu yuan@x艺文志@y江西省 |
| 690 | @aZ812.256@v4 | |
| 701 | 0 | @a李宁宁@Ali ning ning@4主编 |
| 701 | 0 | @a高峰@Agao feng@4主编 |
| 801 | 0 | @aCN@bQSSK@c20090430 |
| 905 | @b741683-85@dZ812.256@eL224@f3 | |
| 白鹿洞书院艺文新志/李宁宁, 高峰主编.-南昌:江西人民出版社,2008.04 |
| 307页:图;21cm.-(庐山文化研究丛书) |
| 2007年江西省社会科学规划项目 |
| ISBN 978-7-210-03820-7:CNY22.00 |
| 本书综合考虑白鹿洞书院的文化现象,按照内容、结合文体将文章分成书院兴复、院内建筑、学田膏火、洞规教条、洞主掌教、游记序赋六个门类,这种分类便于阅读清晰地了解其文化内涵,并可以涵盖宋、元、明、清四个朝代90%以上的文章。 |
| ● |
| 相关链接 |
|
|
|
正题名:白鹿洞书院艺文新志
索取号:Z812.256/L224
 
预约/预借
| 序号 | 登录号 | 条形码 | 馆藏地/架位号 | 状态 | 备注 |
| 1 | 741683 | 207416839 | 自科库501/501自科库 131排2列5层/ [索取号:Z812.256/L224] | 在馆 | |
| 2 | 741684 | 207416848 | 自科库501/501自科库 131排2列5层/ [索取号:Z812.256/L224] | 在馆 | |
| 3 | 741685 | 207416857 | 自科二线400A/400A自科库 35排2列2层/ [索取号:Z812.256/L224] | 在馆 |